|
|
|
|
| LEADER |
00000cam a2200000 a 4500 |
| 001 |
vtls010594701 |
| 003 |
SK-MaSNL |
| 005 |
20260301215058.0 |
| 008 |
160429s2014 xo f an 100 0 slo |
| 015 |
|
|
|a SNBA2014/06
|
| 020 |
|
|
|a 9788097161705 (brož.)
|
| 035 |
|
|
|a 4041A4E9-7D83-45F9-910F-73484998E6BB
|
| 035 |
|
|
|a urn:nbn:sk:snk-amkchp
|
| 035 |
|
|
|a urn:nbn:sk:snk-am003wi8
|
| 040 |
|
|
|a SNK
|b slo
|c SNK
|e AACR2
|
| 041 |
0 |
|
|a slo
|a eng
|
| 044 |
|
|
|a xo
|c SK
|
| 072 |
|
7 |
|a 577
|x Biochémia. Molekulárna biológia . Biofyzika
|2 konspekt
|
| 080 |
|
|
|a 577.112
|2 2001
|
| 080 |
|
|
|a (062.534)
|2 201
|
| 080 |
|
|
|a (048.3)
|2 2001
|
| 111 |
2 |
|
|a Naše proteíny 2014
|n (3. :
|d 2014 :
|c Bratislava, Slovensko)
|9 604416
|
| 245 |
1 |
0 |
|a Naše proteíny 2014
|b štruktúra a funkcia : 3. konferencia o proteínoch : zborník abstraktov : apríl, 15.-16.2014, Bratislava, Slovenská republika
|c [editori: Ľubica Urbániková, Lenka Tišáková, Zuzana Šramková]
|
| 246 |
1 |
1 |
|a Proteins In Our Focus 2014
|
| 260 |
|
|
|a [Bratislava
|b Ústav molekulárnej biológie
|c 2014]
|
| 300 |
|
|
|a 40 s.
|c 21 cm
|
| 500 |
|
|
|a Vydav. údaje podľa ISBN
|
| 504 |
|
|
|a Bibliogr. odkazy
|
| 546 |
|
|
|a Súbež. názov a text v angl.
|
| 650 |
0 |
7 |
|a proteíny
|2 SNKPH
|9 14974
|
| 650 |
0 |
7 |
|a Proteins
|2 SNKPHeng
|9 312702
|
| 655 |
|
7 |
|a zborníky konferencií
|2 SNKPH
|9 70153
|
| 655 |
|
7 |
|a abstrakty
|2 SNKPH
|9 22516
|
| 655 |
|
7 |
|a Proceedings of conferences
|2 SNKPHeng
|9 265791
|
| 655 |
|
7 |
|a Abstracts
|2 SNKPHeng
|9 275616
|
| 700 |
1 |
|
|a Urbániková, Ľubica
|4 edt
|9 604417
|
| 700 |
1 |
|
|a Tišáková, Lenka
|4 edt
|9 604418
|
| 700 |
1 |
|
|a Šramková, Zuzana
|4 edt
|9 476113
|
| 852 |
|
|
|a Štátna vedecká knižnica v Banskej Bystrici
|
| 919 |
|
|
|a 978-80-971617-0-5
|
| 958 |
|
|
|a NB
|
| 999 |
|
|
|c 926811
|d 928741
|
| 952 |
|
|
|a SNK
|b SNK
|y PREZ
|7 0
|p 17A1110964
|o snkSC 159662
|i snk2014/11944
|8 0
|0 0
|1 0
|4 0
|d 2014-05-22
|f 1
|l 0
|r 2025-08-21 00:00:00
|w 2026-02-24
|
| 952 |
|
|
|a SNK
|b SNK
|y VYP
|7 0
|p 17A1110965
|o snkSC 159662 D1
|i snk2014/11945
|8 0
|0 0
|1 0
|4 0
|d 2014-05-22
|l 0
|r 2026-02-24 08:36:18
|w 2026-02-24
|